Countries With the Most Germans - Statistics

General Stats
  • This quiz has been taken 83 times
  • The average score is 13 of 15
Answer Stats
Hint Answer % Correct
72.650.000 Germany
100%
130.000 France
99%
297.000 United Kingdom
99%
~40.000.000 United States
97%
700.000 Poland
95%
450.000 Canada
94%
280.000 Italy
94%
840.000 Russia
94%
170.000 Spain
94%
307.300 Switzerland
90%
500.000 Argentina
88%
~3.000.000 Brazil
88%
250.000 Hungary
58%
200.000 New Zealand
37%
900.000 Kazakhstan
28%
No matching quizzes found
Score Distribution
Percent of People with Each Score
Percentile by Number Answered
Your Score History
You have not taken this quiz